000
00267nam a22001097a 4500
082
_a
519.2 SOH'S
100
_a
SCHEFLER, WILIAN C
_9
78650
245
_a
STATISTICS FOR THE BIOLOGICAL SCIENCES
260
_a
LONDON
_b
ADDISON WESLEY
_c
1969
300
_a
231P
942
_c
BK
999
_c
583761
_d
583761